Skin Structure - Statistics

General Stats
  • This quiz has been taken 5 times
  • The average score is 5 of 14
Answer Stats
Picture Answer % Correct
dermis
75%
hair
50%
hair follicle
50%
sebaceous gland
50%
blood capillary
25%
cornified layer
25%
epidermis
25%
erector muscle
25%
Malpighian layer
25%
receptor
25%
subcutaneous fat
25%
sweat duct
25%
sweat gland
25%
sweat pore
25%
No matching quizzes found
Score Distribution
Percent of People with Each Score
Percentile by Number Answered
Your Score History
You have not taken this quiz